Global political economy : theory and practice

Main Author: Cohn, Theodore H., 1940- (Author)
Other Authors: Hira, Anil
Published: New York, NY: Routledge, 2021.
Edition:Eighth edition.
Subjects:
LEADER 01007cam a2200301 7i4500
001 0000150585
005 20210510090000.0
008 210510t20212021nyu# ### #00001eng##
020 # # |a 9780367521981  
040 # # |a UMT 
090 0 0 |a HF 1359   |b .C62 2021 
100 1 # |a Cohn, Theodore H.,   |d 1940-   |e author  
245 1 0 |a Global political economy :   |b theory and practice   |c Theodore H. Cohn and Anil Hira. 
250 # # |a Eighth edition. 
264 # 4 |c ♭2021. 
264 # 1 |a New York, NY:   |b Routledge,   |c 2021. 
300 # # |a xxii, 446 pages;   |c 24 cm. 
336 # # |a text  |2 rdacontent 
337 # # |a unmediated  |2 rdamedia 
338 # # |a volume  |2 rdacarrier 
504 # # |a Includes bibliographical references and index 
590 # # |a Fakulti Pengurusan Ekonomi dan Pemasaran Sosial 
591 # # |a Reading List FPEPS 2021 
650 # 0 |a International economic relations  
650 # 0 |a International finance  
650 # 0 |a International trade  
700 1 # |a Hira, Anil  
999 |a 1100111267  |b Book  |c Open Shelf  |e KOLEKSI TERBUKA